00342nam a2200121Ia 4500008004100000041000800041082001700049100002100066245004200087260005100129300002900180365001100209240624s9999 xx 000 0 und d aeng a515.2433 FOL aFOLLAND GERALD B aFOURIER ANALYSIS AND ITS APPLICATIONS c2012aHyderabadbAmerican Mathematical Society ax, : 433 : p. : cm. ; 23 cRSb25